Loreto College Library, Kolkata
WEBOPAC (ONLINE PUBLIC ACCESS CATALOGUE)

Gyan ki kahaniya (Record no. 35356)

MARC details
000 -LEADER
fixed length control field 00436nam a2200169Ia 4500
008 - FIXED-LENGTH DATA ELEMENTS--GENERAL INFORMATION
fixed length control field 131103s9999 xx 000 0 und d
040 ## - CATALOGING SOURCE
Original cataloging agency Loreto College
041 ## - LANGUAGE CODE
Language code English
082 ## - DDC | ডিউই
Classification number | বর্গসংখ্যা 891.433/BHA
Book Number | গ্রন্থাঙ্ক LCBED/7711
100 ## - MAIN ENTRY--PERSONAL NAME | মুখ্য সংলেখ - ব্যাক্তিনাম
Personal name | ব্যাক্তিনাম Varadari, S.
245 ## - TITLE STATEMENT | অাখ্যা বিবরণী
Title | অাখ্যা Gyan ki kahaniya
Statement of responsibility | লেখকের দায়িত্বের বিবরণ S.Varadari
260 ## - IMPRINT | প্রকাশনা ক্ষেত্র
Place of publication | প্রকাশ স্থান Varanasi
Name of publisher | প্রকাশকের নাম Hindi Pracharak
Date of publication | প্রকাশ কাল 1967
300 ## - PHYSICAL DESCRIPTION |
Page / Vol. No | পৃষ্ঠা / খন্ড সংখ্যা 32p.
Other physical details | অনান্য বাহ্যিক বিবরণ pic.
650 ## - SUBJECT ADDED ENTRY--TOPICAL TERM | বিষয় শিরোনাম - মূল বিষয়
Topical term | মূল বিষয় Hindi
850 ## - HOLDING INSTITUTION
Holding institution LCBED/891.433/BHA
942 ## - ADDED ENTRY ELEMENTS (KOHA)
Koha item type Books
Holdings
Withdrawn status Lost status Damaged status Not for loan Home library Current library Date acquired Total Checkouts Full call number Accession No. Date last seen Price effective from Koha item type
        Loreto College Loreto College 04/11/2013   891.433/BHA LCBED/7711 B38215 04/11/2013 04/11/2013 Books